000 00671nam a22002292 4500
001 0000000062
005 20151217151743.0
008 070109s xx 000 0 eng d
020 _a0471249327 :
_cKES 700
040 _aKABU
_cKABU
100 1 _aHuffman, Karen.
_@0000148044
245 1 0 _aPsychology in action /
_cKaren Huffman, Mark Vernoy, Judith Vernoy.
250 _a5th ed.
260 _aNew York :
_bJohn Wiley,
_c2000.
300 _axxiii, 617 p.
650 0 _aPsychology.
_@0000024981
700 1 _aVernoy, Mark.
_@0000148045
700 1 _aVernoy, Judith.
_@0000148046
908 _a070109
950 _@1
999 _c4707
_d4707